[Event "BI-2013-P-00029"]
[Site "LSS email"]
[Date "2013.04.23"]
[Round "?"]
[White "Dzhafarov, Kirill Vladimirovic"]
[Black "Khan, Valery"]
[Result "1/2-1/2"]
[WhiteElo "1336"]
[BlackElo "2164"]
[PlyCount "63"]
[EventDate "2013.04.25"]
[EventType "tourn (corr)"]
[EventRounds "10"]
[EventCountry "GER"]
[SourceTitle "Telechess CBM 167"]
[Source "ChessBase"]
[SourceDate "2015.07.13"]
[SourceVersion "1"]
[SourceVersionDate "2015.07.13"]
[SourceQuality "1"]

1. Nf3 Nf6 2. c4 c5 3. Nc3 Nc6 4. g3 e5 5. Bg2 Be7 6. 0-0 d6 7. d3 0-0 8. a3 h6 9. Rb1 Bg4 10. b4 Qd7 11. Re1 cxb4 12. axb4 a6 13. Be3 b5 14. Nd5 Bd8 15. Nxf6+ Bxf6 16. Nd2 Rfc8 17. Ne4 Be7 18. Nc3 Rab8 19. Nd5 Bd8 20. Bd2 Be6 21. Ra1 Ne7 22. Nxe7+ Bxe7 23. Bd5 bxc4 24. dxc4 Bxd5 25. cxd5 Qb5 26. e4 Bg5 27. Ra5 Qc4 28. Ra4 Bxd2 29. Qxd2 Rb6 30. Kg2 Kh7 31. Re3 Rc7 32. Raa3 1/2-1/2

[Event "BI-2013-P-00029"]
[Site "LSS email"]
[Date "2013.04.23"]
[Round "?"]
[White "Dzhafarov, Kirill Vladimirovic"]
[Black "Nowak, Andrzej"]
[Result "1-0"]
[WhiteElo "1336"]
[BlackElo "1552"]
[PlyCount "123"]
[EventDate "2013.04.25"]
[EventType "tourn (corr)"]
[EventRounds "10"]
[EventCountry "GER"]
[SourceTitle "Telechess CBM 167"]
[Source "ChessBase"]
[SourceDate "2015.07.13"]
[SourceVersion "1"]
[SourceVersionDate "2015.07.13"]
[SourceQuality "1"]

1. Nf3 d5 2. d4 Nf6 3. c4 c6 4. e3 Bf5 5. Nc3 e6 6. Nh4 Be4 7. f3 Bg6 8. Qb3 Qc7 9. g3 Nbd7 10. Bd2 Be7 11. cxd5 Nxd5 12. Nxg6 hxg6 13. Kf2 0-0 14. Be2 Nxc3 15. bxc3 Rfd8 16. a4 c5 17. Ra2 Nf6 18. Kg2 Rac8 19. Rb1 b6 20. a5 bxa5 21. c4 Rb8 22. Qc2 Rxb1 23. Qxb1 Nd7 24. Bxa5 Nb6 25. Qe4 Bf6 26. Rb2 cxd4 27. Rb5 d3 28. Bxd3 Be7 29. h4 Qc8 30. Be2 f5 31. Qb1 Bc5 32. e4 Bd4 33. h5 gxh5 34. exf5 exf5 35. Rxf5 Qe6 36. Bd3 Rc8 37. Rxh5 Nxc4 38. Bh7+ Kf8 39. Bb4+ Kf7 40. Rf5+ Bf6 41. Rf4 Qe2+ 42. Kg1 Ne5 43. Qb3+ Rc4 44. Be4 Ke6 45. Bf5+ Kd5 46. Bh7 Kc6 47. Qa4+ Kb6 48. Qa5+ Kb7 49. Qb5+ Ka8 50. Qd5+ Rc6 51. Bc5 Qe1+ 52. Kg2 Qe2+ 53. Bf2 Qa6 54. Bf5 Qb7 55. Ra4 a6 56. Be4 Kb8 57. Ra3 Kc7 58. Rb3 Qa8 59. Bf5 a5 60. f4 a4 61. Rb1 g6 62. Bh3 1-0

[Event "BI-2013-P-00029"]
[Site "LSS email"]
[Date "2013.04.23"]
[Round "?"]
[White "Dzhafarov, Kirill Vladimirovic"]
[Black "Torell, Harald"]
[Result "1/2-1/2"]
[WhiteElo "1336"]
[BlackElo "2106"]
[PlyCount "79"]
[EventDate "2013.04.25"]
[EventType "tourn (corr)"]
[EventRounds "10"]
[EventCountry "GER"]
[SourceTitle "Telechess CBM 167"]
[Source "ChessBase"]
[SourceDate "2015.07.13"]
[SourceVersion "1"]
[SourceVersionDate "2015.07.13"]
[SourceQuality "1"]

1. Nf3 d6 2. c4 e5 3. d4 e4 4. Ng5 f5 5. Nc3 c6 6. Nh3 Nf6 7. g3 Be7 8. Bg2 0-0 9. 0-0 Na6 10. f3 exf3 11. exf3 d5 12. Qb3 dxc4 13. Qxc4+ Kh8 14. Bg5 Nc7 15. Rfe1 b5 16. Qd3 Ne6 17. Be3 a5 18. Rad1 b4 19. Na4 Nd5 20. f4 Ba6 21. Qd2 Qd6 22. Nc5 Bb5 23. Bf2 Nec7 24. a4 bxa3 25. bxa3 a4 26. Kh1 Qh6 27. Qc2 Rad8 28. Ra1 Bxc5 29. dxc5 Qh5 30. Ng5 h6 31. Nf3 Nf6 32. Rad1 Rfe8 33. Rxe8+ Rxe8 34. Nh4 Ng4 35. Bg1 Nd5 36. Nxf5 Re2 37. Qb1 Ngf6 38. Bd4 Ne4 39. g4 Qxg4 40. Bxe4 1/2-1/2

[Event "RN-2013-0-00617"]
[Site "LSS email"]
[Date "2013.03.13"]
[Round "?"]
[White "Bester, Kazimierz"]
[Black "Dzhafarov, Kirill Vladimirovic"]
[Result "0-1"]
[WhiteElo "777"]
[BlackElo "1146"]
[PlyCount "62"]
[EventDate "2013.03.06"]
[EventType "tourn (corr)"]
[EventRounds "6"]
[EventCountry "GER"]
[SourceTitle "Telechess CBM 159"]
[Source "ChessBase"]
[SourceDate "2014.03.17"]
[SourceVersion "1"]
[SourceVersionDate "2014.03.17"]
[SourceQuality "1"]

1. f4 d5 2. Nf3 Nf6 3. e3 g6 4. Be2 Bg7 5. 0-0 0-0 6. d4 c5 7. c3 b6 8. Ne5 Ba6 9. Bxa6 Nxa6 10. f5 Qd6 11. fxg6 hxg6 12. Nd2 Nb8 13. Ndf3 Ne4 14. c4 Nd7 15. Nxd7 Qxd7 16. cxd5 Qxd5 17. b3 Rac8 18. Bb2 b5 19. Ne5 c4 20. bxc4 bxc4 21. Qa4 c3 22. Ba3 Nd2 23. Rfc1 Bxe5 24. dxe5 Rc4 25. Qd1 Qxe5 26. Qe2 Ra4 27. Bc5 Rc8 28. Qb5 Rh4 29. g3 Nf3+ 30. Kg2 Rxh2+ 31. Kxf3 Qf5# 0-1

[Event "OP-2013-0-02686"]
[Site "LSS email"]
[Date "2013.03.13"]
[Round "?"]
[White "Sandocal, Uzmir"]
[Black "Dzhafarov, Kirill Vladimirovic"]
[Result "0-1"]
[WhiteElo "1402"]
[BlackElo "1336"]
[PlyCount "80"]
[EventDate "2013.03.10"]
[EventType "tourn (corr)"]
[EventRounds "4"]
[EventCountry "GER"]
[SourceTitle "Telechess CBM 161"]
[Source "ChessBase"]
[SourceDate "2014.07.16"]
[SourceVersion "1"]
[SourceVersionDate "2014.07.16"]
[SourceQuality "1"]

1. e4 c5 2. d4 cxd4 3. f3 Nc6 4. Bd3 Nf6 5. Ne2 d5 6. 0-0 e6 7. Bg5 Be7 8. Nd2 0-0 9. f4 Nxe4 10. Bxe7 Qxe7 11. Nxe4 dxe4 12. Bxe4 Bd7 13. Qd3 g6 14. Nxd4 Rfd8 15. Bxc6 Bxc6 16. Rad1 Qc5 17. Qd2 a5 18. Rfe1 b5 19. Qf2 b4 20. Rd2 Bd5 21. h4 Bxa2 22. b3 a4 23. Ra1 axb3 24. cxb3 Qc3 25. Rad1 Bxb3 26. Nxb3 Rxd2 27. Nxd2 Rd8 28. Qe2 Qc2 29. h5 b3 30. h6 b2 31. Kf2 Rd3 32. Qe5 Rxd2+ 33. Rxd2 Qxd2+ 34. Kg3 Kf8 35. Qb8+ Ke7 36. Qa7+ Kf6 37. Qc5 Qd5 38. Qc3+ e5 39. Qxb2 Qd4 40. fxe5+ Qxe5+ 0-1

[Event "OP-2013-0-02686"]
[Site "LSS email"]
[Date "2013.03.13"]
[Round "?"]
[White "Wilshusen, Horst"]
[Black "Dzhafarov, Kirill Vladimirovic"]
[Result "0-1"]
[WhiteElo "1513"]
[BlackElo "1336"]
[PlyCount "56"]
[EventDate "2013.03.10"]
[EventType "tourn (corr)"]
[EventRounds "4"]
[EventCountry "GER"]
[SourceTitle "Telechess CBM 161"]
[Source "ChessBase"]
[SourceDate "2014.07.16"]
[SourceVersion "1"]
[SourceVersionDate "2014.07.16"]
[SourceQuality "1"]

1. b4 e5 2. Bb2 Bxb4 3. Bxe5 Nf6 4. c4 0-0 5. e3 Be7 6. Nf3 d5 7. cxd5 Nxd5 8. Be2 c5 9. 0-0 Nc6 10. Bb2 Bf6 11. Bxf6 Qxf6 12. Na3 b6 13. Bb5 Bb7 14. Rc1 Rad8 15. Qb3 Na5 16. Qb1 Nb4 17. d4 Bxf3 18. gxf3 Qxf3 19. Rfd1 Rd6 20. dxc5 Rg6+ 21. Kf1 Rg2 22. Qb2 Rxh2 23. Ke1 Re8 24. Qd2 Rh1+ 25. Bf1 Nd5 26. Qe2 Rxf1+ 27. Qxf1 Nxe3 28. Qb5 Nc6 0-1